000 00656nam a2200205Ia 4500
008 240729s9999 xx 000 0 und d
022 _a2415-0495
245 0 _aTown and Regional Planning
260 _aSouth Africa
260 _bUniversity of the Free State
650 _a Cities. Urban geography | Social Sciences
650 _a Communities. Classes. Races
650 _a Human ecology. Anthropogeography
650 _a Settlements
650 _a Urban groups. The city. Urban sociology
650 _aGeography. Anthropology. Recreation
856 _uhttps://doaj.org/toc/a271900506e74bcd84c307a09c5d40a0
942 _2ddc
942 _cDOAJEJ
999 _c72894
_d72894
945 _a1
_bMadushi Gamage
_c1
_dMadushi Gamage